[Event "POL-chT2 South U19"]
[Site "Rudnik"]
[Date "2000.??.??"]
[Round "10.2"]
[White "Sliwinski, Pawel"]
[Black "Gawelczyk, Wojciech"]
[Result "1/2-1/2"]
[WhiteElo "2032"]
[BlackElo "1800"]
[PlyCount "89"]
[EventDate "2000.07.20"]
[EventType "team-swiss"]
[EventRounds "10"]
[EventCountry "POL"]
[SourceTitle "EXT 2005"]
[Source "ChessBase"]
[SourceDate "2004.11.15"]
[SourceVersion "1"]
[SourceVersionDate "2004.11.15"]
[SourceQuality "1"]
[WhiteTeam "Wisla Strumien U19"]
[BlackTeam "Rybnik MKSz U19 II"]
[WhiteTeamCountry "POL"]
[BlackTeamCountry "POL"]

1. d4 d5 2. c4 c6 3. Nc3 Nf6 4. Bg5 dxc4 5. a4 Bf5 6. Bxf6 exf6 7. e4 Bg6 8. Bxc4 Qa5 9. f3 Bb4 10. Nge2 0-0 11. 0-0 Rd8 12. Qb3 Bxc3 13. bxc3 Qb6 14. Qa2 Qc7 15. Rab1 Nd7 16. a5 b5 17. axb6 axb6 18. Qb2 b5 19. Bb3 c5 20. Bd5 Rab8 21. Ra1 c4 22. Qd2 f5 23. exf5 Bxf5 24. Be4 Bxe4 25. fxe4 Nf6 26. e5 Qxe5 27. dxe5 Rxd2 28. exf6 Rxe2 29. fxg7 Rd8 30. Ra7 Rdd2 31. Rfxf7 Re1+ 32. Rf1 Rxf1+ 33. Kxf1 Rd3 34. Rb7 Rxc3 35. Rxb5 Rc1+ 36. Kf2 Rc2+ 37. Kf3 Kxg7 38. Rc5 c3 39. h3 Rc1 40. g4 Rh1 41. Kg2 Rc1 42. Kf2 c2 43. Ke2 Rh1 44. Rxc2 Rh2+ 45. Kd3 1/2-1/2

[Event "POL-chT2 South U19"]
[Site "Rudnik"]
[Date "2000.??.??"]
[Round "2.2"]
[White "Sliwinski, Pawel"]
[Black "Kubit, Bartlomiej"]
[Result "1/2-1/2"]
[WhiteElo "2032"]
[BlackElo "2013"]
[PlyCount "57"]
[EventDate "2000.07.20"]
[EventType "team-swiss"]
[EventRounds "10"]
[EventCountry "POL"]
[SourceTitle "EXT 2005"]
[Source "ChessBase"]
[SourceDate "2004.11.15"]
[SourceVersion "1"]
[SourceVersionDate "2004.11.15"]
[SourceQuality "1"]
[WhiteTeam "Wisla Strumien U19"]
[BlackTeam "Gliwice Carbo U19"]
[WhiteTeamCountry "POL"]
[BlackTeamCountry "POL"]

1. d4 d5 2. c4 e6 3. Nc3 Nf6 4. Bg5 Nbd7 5. e3 Be7 6. Nf3 0-0 7. cxd5 exd5 8. Bd3 c6 9. 0-0 Re8 10. a3 a5 11. Qc2 Nf8 12. h3 Be6 13. Na4 Ng6 14. Nc5 Bxc5 15. Qxc5 Nd7 16. Qc2 f6 17. Bf4 Ndf8 18. Bg3 Qd7 19. Nd2 Ne7 20. Nb3 Bf5 21. Nc5 Qc8 22. Rfc1 Bxd3 23. Qxd3 Ne6 24. b4 a4 25. Qc2 b5 26. Qd3 Nxc5 27. Rxc5 Qd7 28. Rac1 Rac8 29. Qe2 1/2-1/2